=LDR 00000nam 2200000 4500 =001 INLIS000000000810579 =005 20260609013949 =035 ##$$a 0010-0626000016 =007 ta =008 260609################g##########0#ind## =020 ##$$a 9786235280233 =082 ##$$a 959.803 =084 ##$$a 959.803 ARI m =100 #$$a Aristayanu Bagus,AS Rimbawana,Deby Hermawan,Putro Wasista =245 1#$$a Mereka Hilang Tak Kembali : $b Sejarah Kekerasan Orde Baru 1966-1998 =250 ##$$a Cet. 1 =260 ##$$a Sleman :$b Buku Mojok,$c 2025 =300 ##$$a xxix + 212 hlm : $b ilustrasi ; $c 19 cm =700 #$$a Erika Rizqi ( Penyunting ) =600 #4$$a Sejarah Indonesia / Politik Orde Baru =520 ##$$a Buku ini merupakan hibah dari santri kelas XII Angkatan 3 =990 ##$$a 00000005533 =990 ##$$a 00000005534